[Event "Satka Summer op"]
[Site "Satka"]
[Date "2013.07.07"]
[Round "7"]
[White "Kuparev, Alexander"]
[Black "Soldatenkov, Anton"]
[Result "1/2-1/2"]
[WhiteElo "1804"]
[BlackElo "1796"]
[PlyCount "33"]
[EventDate "2013.07.02"]
[EventType "swiss"]
[EventRounds "9"]
[EventCountry "RUS"]
[SourceTitle "EXT 2014"]
[Source "ChessBase"]
[SourceDate "2013.11.20"]
[SourceVersion "1"]
[SourceVersionDate "2013.11.20"]
[SourceQuality "1"]

1. e4 c5 2. Nf3 Nc6 3. d4 cxd4 4. Nxd4 Nf6 5. Nc3 d6 6. Bb5 Bd7 7. Bxc6 bxc6 8. 0-0 e5 9. Nde2 Be7 10. f4 0-0 11. fxe5 dxe5 12. h3 Qb6+ 13. Kh1 Be6 14. b3 Rfd8 15. Qe1 h6 16. Qg3 Kh7 17. Be3 1/2-1/2

[Event "Sterlitamak Rochinskiy op"]
[Site "Sterlitamak"]
[Date "2012.06.27"]
[Round "6"]
[White "Soldatenkov, Anton"]
[Black "Sabiryanov, Ainur"]
[Result "0-1"]
[WhiteElo "2320"]
[BlackElo "2091"]
[PlyCount "96"]
[EventDate "2012.06.22"]
[EventType "swiss"]
[EventRounds "9"]
[EventCountry "RUS"]
[SourceTitle "EXT 2013"]
[Source "ChessBase"]
[SourceDate "2012.11.22"]
[SourceVersion "1"]
[SourceVersionDate "2012.11.22"]
[SourceQuality "1"]

1. e4 c5 2. Nf3 e6 3. c4 Nc6 4. d4 cxd4 5. Nxd4 Nf6 6. Nc3 Bb4 7. Ndb5 Nxe4 8. Qg4 Nxc3 9. bxc3 Bf8 10. Ba3 a6 11. Bxf8 Kxf8 12. Nd6 Qf6 13. Qg3 Ke7 14. Rb1 Qe5+ 15. Qxe5 Nxe5 16. c5 f6 17. Be2 Nf7 18. Rb6 f5 19. 0-0 g5 20. Rd1 Ne5 21. Bh5 Rf8 22. Be2 g4 23. f4 gxf3 24. Bxf3 Nxf3+ 25. gxf3 Rd8 26. Kf2 Kf6 27. Ke3 Rg8 28. Rd2 h5 29. Kf4 h4 30. Nxf5 Rg5 31. Nd6 Rg1 32. Ne4+ Ke7 33. Ke5 d6+ 34. Nxd6 Rg5+ 35. Kd4 Rd5+ 36. Ke3 Rxc5 37. Nxb7 Rxc3+ 38. Kf2 Rb8 39. Rdb2 Rxb7 40. Rxb7+ Bxb7 41. Rxb7+ Kf6 42. Rb6 Rc2+ 43. Ke3 Rxh2 44. Kf4 Rxa2 45. Kg4 Ra4+ 46. Kh3 Rf4 47. Rb3 a5 48. Ra3 a4 0-1